ថ្ម ក្រអូប : (Record no. 8319)

MARC details
000 -LEADER
fixed length control field 02029nam a22002897a 4500
001 - CONTROL NUMBER
control field 8319
003 - CONTROL NUMBER IDENTIFIER
control field FISKH
005 - DATE AND TIME OF LATEST TRANSACTION
control field 20250909090932.0
008 - FIXED-LENGTH DATA ELEMENTS--GENERAL INFORMATION
fixed length control field 250909b cb ||||| |||| 00| 0 eng d
020 ## - INTERNATIONAL STANDARD BOOK NUMBER
International Standard Book Number 9789996301902
040 ## - CATALOGING SOURCE
Original cataloging agency FISKH
Language of cataloging khr
Transcribing agency FISKH
Modifying agency FISKH
050 ## - LIBRARY OF CONGRESS CALL NUMBER
Classification number PZ7
082 ## - DEWEY DECIMAL CLASSIFICATION NUMBER
Classification number 398.2
100 ## - MAIN ENTRY--PERSONAL NAME
Personal name Pisey, Pol
245 ## - TITLE STATEMENT
Title ថ្ម ក្រអូប :
Remainder of title The fragrant stone /
260 ## - PUBLICATION, DISTRIBUTION, ETC.
Place of publication, distribution, etc. Phnom Penh :
Name of publisher, distributor, etc. Reading Books,
Date of publication, distribution, etc. 2013.
300 ## - PHYSICAL DESCRIPTION
Extent 21 pages :
Other physical details color illustrations ;
Dimensions 18 x 25 cm
505 ## - FORMATTED CONTENTS NOTE
Formatted contents note L<br/>
520 ## - SUMMARY, ETC.
Summary, etc. ថ្មក្រអូប ជារឿងព្រេងប្រជាប្រិយកម្ពុជា ដែលនិយាយអំពីថ្មមួយក្បាលមានក្លិនក្រអូបអស្ចារ្យ។ ប្រជាជនធម្មតាបានរកឃើញវា ប៉ុន្តែពេលដំណឹងនេះបានរីករាលដាល មនុស្សច្រើនបានចាប់ផ្តើមមានចិត្តលោភលន់ និងចង់កាន់កាប់វាដោយខ្លួនឯង។ ចុងក្រោយ រឿងនេះបង្រៀនថា ចិត្តលោភ និងការរើសអើងអាចបំផ្លាញសុខដុមរមន, ខណៈដែល ចិត្តសប្បុរស និងការមានសេចក្តីសុខចិត្ត បង្កើតនូវសុភមង្គលពិតប្រាកដ។
520 ## - SUMMARY, ETC.
Summary, etc. The Fragrant Stone is a Cambodian folktale about a magical stone with a sweet fragrance. When villagers discover it, greed and jealousy arise among those who want to possess it. The story teaches that selfishness can destroy harmony, while kindness, generosity, and contentment bring true happiness.
521 8# - TARGET AUDIENCE NOTE
Target audience note 510<br/>
Source Lexile estimate<br/>
521 8# - TARGET AUDIENCE NOTE
Target audience note L<br/>
Source Raz-Plus<br/>
650 ## - SUBJECT ADDED ENTRY--TOPICAL TERM
Topical term or geographic name entry element Stone
650 ## - SUBJECT ADDED ENTRY--TOPICAL TERM
Topical term or geographic name entry element ថ្ម
942 ## - ADDED ENTRY ELEMENTS (KOHA)
Source of classification or shelving scheme Dewey Decimal Classification
Koha item type Khmer Books
Suppress in OPAC No
Holdings
Withdrawn status Lost status Source of classification or shelving scheme Damaged status Not for loan Collection Home library Current library Shelving location Date acquired Total Checkouts Full call number Barcode Date last seen Copy number Price effective from Koha item type
    Dewey Decimal Classification     Khmer-English Bilingual / ភាសាខ្មែរ-អង់គ្លេស Footprints International School Library Network Toul Kork Campus Footprints International School Library Network Toul Kork Campus TK Old Khmer Books (Rear Hallway Shelf 3) 09/09/2025   PIS 398.2 PZ7 FISTK04594 09/09/2025 1 09/09/2025 Khmer Books
    Dewey Decimal Classification     Khmer-English Bilingual / ភាសាខ្មែរ-អង់គ្លេស Footprints International School Library Network Toul Tom Poung Campus Footprints International School Library Network Toul Tom Poung Campus TTP Primary Khmer Bookshelves 10/09/2025   PIS 398.2 PZ7 FISBK03729 10/09/2025 2 10/09/2025 Khmer Books
    Dewey Decimal Classification     Khmer-English Bilingual / ភាសាខ្មែរ-អង់គ្លេស Footprints International School Library Network Toul Tom Poung Campus Footprints International School Library Network Toul Tom Poung Campus TTP Primary Khmer Bookshelves 10/23/2025   PIS 398.2 PZ7 FISBK04157 10/23/2025 3 10/23/2025 Khmer Books